000 00766npc a2200229Ia 4500
001 dp5/4-1624 [d000001674]
003 IT-MiCISF
005 20250520115904.0
008 161014s9999||||xx | und||
040 _aIT-MiCISF
_cIT-MiCISF
041 _ait
100 _aTranquillini Giuseppe (et al.)
_962191
245 0 _aUn nuovo modo di essere donna.
_bXII convegno di studio sui problemi della vedovanza
260 _a Sestri Levante (GE),
_bMovimento di spiritualità vedovile-Opera Madonna del Grappa,
_c1983
300 _app. 42
500 _a / vedovanza, pastorale, donna, spiritualità /
650 _apastorale
654 _asussidio
700 _aGatti M., Contini I., Menconi A., D'Ambrosi R.
_962192
942 _cDD
_2ddc
999 _c206475
_d206475
999 _bsi